Design and techno economics of solar water pumping system / (Record no. 18221)
[ view plain ]
| 000 -LEADER | |
|---|---|
| fixed length control field | 00749nam a2200217 4500 |
| 005 - DATE AND TIME OF LATEST TRANSACTION | |
| control field | 20140413124205.0 |
| 008 - FIXED-LENGTH DATA ELEMENTS--GENERAL INFORMATION | |
| fixed length control field | 140413s2013 gw a frb 000 0 eng d |
| 020 ## - INTERNATIONAL STANDARD BOOK NUMBER | |
| International Standard Book Number | 9783659378881 |
| 082 04 - DEWEY DECIMAL CLASSIFICATION NUMBER | |
| Edition number | 22 |
| Classification number | 621.47 |
| Item number | NAR |
| 100 1# - MAIN ENTRY--PERSONAL NAME | |
| 9 (RLIN) | 35913 |
| Personal name | Narale, Pradip |
| 245 10 - TITLE STATEMENT | |
| Title | Design and techno economics of solar water pumping system / |
| Statement of responsibility, etc | Pradip Narale, Narendra Singh Rathore. |
| 260 ## - PUBLICATION, DISTRIBUTION, ETC. (IMPRINT) | |
| Place of publication, distribution, etc | Saarbrucken, Germany : |
| Name of publisher, distributor, etc | Lambert Academic Publishing, |
| Date of publication, distribution, etc | 2013. |
| 300 ## - PHYSICAL DESCRIPTION | |
| Extent | 132 p. : |
| Other physical details | ill. ; |
| Dimensions | 22 cm. |
| 500 ## - GENERAL NOTE | |
| General note | Includes appendix. |
| 504 ## - BIBLIOGRAPHY, ETC. NOTE | |
| Bibliography, etc | Bibliography : p. 127-132. |
| 650 #0 - SUBJECT ADDED ENTRY--TOPICAL TERM | |
| 9 (RLIN) | 5597 |
| Topical term or geographic name as entry element | Solar energy |
| 653 ## - INDEX TERM--UNCONTROLLED | |
| Resource For college | Engineering, Mechanical |
| Arrived date list | April2014 |
| 655 ## - INDEX TERM--GENRE/FORM | |
| Form subdivision | |
| -- | 34232 |
| 700 1# - ADDED ENTRY--PERSONAL NAME | |
| 9 (RLIN) | 35912 |
| Personal name | Rathore, N. S. |
| Dates associated with a name | 1960- |
| Fuller form of name | (Narendra Singh), |
| 942 ## - ADDED ENTRY ELEMENTS (KOHA) | |
| Source of classification or shelving scheme | Dewey Decimal Classification |
| Call number prefix | 621.47 NAR |
| Withdrawn status | Item status | Source of classification or shelving scheme | Damaged status | Not for loan | Vendor | Home library | Current library | Shelving location | Date acquired | Source of acquisition | Cost, normal purchase price | Total Checkouts | Total Renewals | Full call number | Barcode | Date last seen | Date last borrowed | Cost, replacement price | Koha item type |
|---|---|---|---|---|---|---|---|---|---|---|---|---|---|---|---|---|---|---|---|
| Dewey Decimal Classification | Baccah | Central Library | Central Library | First floor | 13/04/2014 | 650.00 | 2 | 3 | 621.47 NAR | 000035881 | 15/07/2025 | 09/10/2017 | 812.50 | Book - Borrowing |